| 000 | 00723nam a2200229 a 4500 | ||
|---|---|---|---|
| 005 | 20140311163033.0 | ||
| 008 | 101020s19uu xx 00 eng d | ||
| 020 | _a978-0-500-28863-4 | ||
| 050 |
_aNC 845 _b.T366 2010 |
||
| 100 | _aDabner, David | ||
| 245 |
_aGraphic design school : _ba foundation course for graphic designers working in print, moving image and digital media. |
||
| 250 | _a4th ed. | ||
| 260 |
_aLondon : _bThames $ Hudson, _c2010. |
||
| 300 |
_a192 p. : _bcol. ill. ; _c25 cm. |
||
| 521 | _aMA | ||
| 650 |
_aGraphic arts _xStudy and teaching. |
||
| 650 |
_aCommercial art _xStudy and teaching. |
||
| 700 | _aCalvert, Sheena | ||
| 700 | _aCasey, Anoki | ||
| 942 |
_cBK _2lcc _kFOR |
||
| 999 |
_c39654 _d39654 |
||